000 00806nas a2200253 4500
001 BR7704174
003 BR-BrBNA
005 20231205083217.0
007 ta
008 230509b bl.|||p| |||| 00| 00por d
040 _aBR-BrBNA
_bpor
_cBiblioteca Nacional de Agricultura
041 _a(Pt)
072 _aL10; L70
100 1 _aMacpherson, J.W.
245 1 _aTransplante de embrioes [Inseminacao artificial; Bovino]
650 _aBOVINO
650 _aTRANSPLANTE
650 _aEMBRIAO
650 _aCIRURGIA
650 _aINSEMINACAO ARTIFICIAL
773 0 _tComunicacoes Cientificas da Faculdade de Medicina Veterinaria e Zootecnia da Universidade de Sao Paulo (Brazil)
_xISSN 0100-3313
_g(1977), v. 1(1) p. 83-92
_wBR7704174
909 _a202311
_bLúcia
_c55
_dLúcia Elande
942 _2AGRIS
_n0
_cANA
999 _c97172
_d97172